| 000 | 01089nam a2200361 a 4500 | ||
|---|---|---|---|
| 005 | 20200104041515.0 | ||
| 008 | 140224t1996 a gr|||| 00| 0 eng d | ||
| 020 | _a0002199068 | ||
| 040 |
_aCO-BoIAVH _cCO-BoIAVH |
||
| 041 | _aeng | ||
| 082 | 4 |
_a576.875 _bP96t |
|
| 090 |
_aLB _b00805 |
||
| 100 | 1 | _aProctor, Michael | |
| 245 | 1 | 4 | _aThe Natural history of pollination |
| 260 |
_aLondres _bHarper Collins Publishers _c1996 |
||
| 300 |
_a479 paginas. _bIlustraciones; _c21 x 15 cm |
||
| 650 | 4 | _aHistoria natural | |
| 650 | 6 |
_aPolinización _x Fecundación |
|
| 650 | 4 | _aFertilización | |
| 650 | 4 | _aInteracción ecológica | |
| 650 | 6 | _aMurciélagos | |
| 650 | 6 | _aAves | |
| 650 | 4 | _aPolinización artificial | |
| 650 | 4 | _aEcología de poblaciones | |
| 650 | 4 | _aEcología vegetal | |
| 650 | 4 | _aEscarabajos | |
| 650 | 4 | _aMoscas | |
| 650 | 4 | _aAbejas | |
| 650 | 4 | _aInteracción planta-animal | |
| 700 | _aLack, Andrew | ||
| 700 | _aYeo, Peter | ||
| 942 |
_cLIBRO _2ddc |
||
| 999 |
_c818 _d818 |
||